Mapa de comunicacións telefóniques a fi de 1918
Descripción Física:
1 mapa : il·lustracions en blanc i negre ; 12 x 12 cm plegat, 43 x 43 cm desplegat
Idioma:
Catalán
MARC
| LEADER | 00000nem a2200000 a 4500 | ||
|---|---|---|---|
| 001 | 29237 | ||
| 003 | AGDB | ||
| 005 | 20260324181544.0 | ||
| 008 | 260115b spa||||| |||| 00| 0 cat d | ||
| 040 | |a agdb |b cat | ||
| 041 | |a cat | ||
| 245 | |a Mapa de comunicacións telefóniques a fi de 1918 | ||
| 260 | |a [s.l.] : |b Mancomunitat de Catalunya, |c 1918 | ||
| 300 | |a 1 mapa : |b il·lustracions en blanc i negre ; |c 12 x 12 cm plegat, 43 x 43 cm desplegat | ||
| 500 | |a Prové del fons Joan Junyer i Pascual (1909-1994) | ||
| 650 | |a Fons Joan Junyer i Pascual (1909-1994) |9 72777 | ||
| 650 | 0 | |a Telecomunicació |z Catalunya |v Mapes |9 72936 | |
| 710 | 2 | |a Catalunya. |b Mancomunitat |9 53015 |e entitat editora | |
| 942 | |2 udc |c ARXIU |n 1 | ||
| 952 | |0 0 |1 0 |2 udc |4 0 |6 F504356 |7 1 |9 98951 |a Arxiu |b Arxiu |d 2026-01-15 |l 0 |o F-504-356 |p 29237 |r 2026-01-15 12:08:11 |w 2026-01-15 |y ARXIU | ||
| 999 | |c 130619 |d 130619 | ||